[Event "Joacaba Scherer"]
[Site "Joacaba"]
[Date "2024.05.08"]
[Round "8"]
[White "Do Valle Cardoso, Lucas"]
[Black "Librelato, Kathie Goulart"]
[Result "1-0"]
[WhiteElo "2375"]
[BlackElo "2165"]
[PlyCount "51"]
[EventDate "2024.05.01"]
[EventType "tourn"]
[EventRounds "9"]
[EventCountry "BRA"]
[EventCategory "8"]
[SourceTitle "CB20_2024"]
[SourceDate "2024.05.16"]
[SourceVersion "1"]
[SourceVersionDate "2024.05.16"]
[SourceQuality "1"]

1. b3 e5 2. Bb2 Nc6 3. e3 e4 4. c4 Nf6 5. Nc3 d5 6. cxd5 Nb4 7. Qb1 Bf5 8. Bb5+ c6 9. dxc6 bxc6 10. Bc4 Qd7 11. Nge2 Rd8 12. 0-0 Bd6 13. Ng3 Bxg3 14. fxg3 0-0 15. Na4 Bg6 16. Bd4 Rfe8 17. Qb2 Nbd5 18. Rac1 h5 19. Be2 Re7 20. Rc5 Ne8 21. Ra5 Nb6 22. Bxh5 Rb8 23. Qa3 Bxh5 24. Rxh5 Nc7 25. Bxg7 Nc4 26. Bf6 1-0

[Event "Joacaba Scherer"]
[Site "Joacaba"]
[Date "2024.05.03"]
[Round "3"]
[White "Fier, Alexandr"]
[Black "Librelato, Kathie Goulart"]
[Result "1-0"]
[WhiteElo "2566"]
[BlackElo "2165"]
[PlyCount "77"]
[EventDate "2024.05.01"]
[EventType "tourn"]
[EventRounds "9"]
[EventCountry "BRA"]
[EventCategory "8"]
[SourceTitle "CB20_2024"]
[SourceDate "2024.05.16"]
[SourceVersion "1"]
[SourceVersionDate "2024.05.16"]
[SourceQuality "1"]

1. d4 d5 2. c4 e6 3. Nc3 c6 4. e4 dxe4 5. Nxe4 Bb4+ 6. Bd2 Qxd4 7. Bxb4 Qxe4+ 8. Be2 Na6 9. Bd6 Qxg2 10. Bf3 Qg5 11. Ne2 Nf6 12. Rg1 Qa5+ 13. b4 Nxb4 14. Kf1 e5 15. Qd2 Bh3+ 16. Bg2 Bxg2+ 17. Rxg2 c5 18. Bxe5 Qa6 19. Rxg7 Qe6 20. Re1 Ne4 21. Qf4 Nd3 22. Qxe4 Nxe1 23. Kxe1 0-0-0 24. Nf4 Qd7 25. Nd5 Rhe8 26. Kf1 Qh3+ 27. Kg1 Re6 28. f4 Qh5 29. Kg2 Rg6+ 30. Rxg6 Qxg6+ 31. Kf3 Qh5+ 32. Ke3 Qh3+ 33. Qf3 Qe6 34. Kf2 Qa6 35. Qg4+ Qe6 36. Qh5 h6 37. a4 Rg8 38. Qf3 Re8 39. Nc7 1-0

[Event "Criciuma op-A"]
[Site "Criciuma"]
[Date "2024.01.15"]
[Round "5"]
[White "Do Valle Cardoso, Lucas"]
[Black "Librelato, Kathie Goulart"]
[Result "0-1"]
[WhiteElo "2392"]
[BlackElo "2170"]
[PlyCount "78"]
[EventDate "2024.01.12"]
[EventType "swiss"]
[EventRounds "9"]
[EventCountry "BRA"]
[SourceTitle "CB04_2024"]
[SourceDate "2023.10.16"]
[SourceVersion "1"]
[SourceVersionDate "2023.10.16"]
[SourceQuality "1"]

1. d4 d5 2. Bf4 c5 3. e3 Nc6 4. c3 Nf6 5. Nf3 Qb6 6. Qc2 g6 7. Nbd2 Nh5 8. Bg5 f6 9. Bh4 cxd4 10. exd4 Bh6 11. Qb3 Qa5 12. Bg3 0-0 13. Bb5 a6 14. Bxc6 bxc6 15. 0-0 Bf5 16. Qd1 Nxg3 17. hxg3 Qc7 18. Re1 Rfe8 19. b4 a5 20. Nb3 axb4 21. cxb4 Ra3 22. Qe2 Qb6 23. Nh4 Bc8 24. Qc2 Kf7 25. Rab1 Qxb4 26. Qxc6 Qc4 27. Nc5 Bg4 28. Rb7 Bf8 29. Nf3 Rxa2 30. Re6 Bxe6 31. Qxe6+ Kg7 32. g4 Qc1+ 33. Kh2 Qf4+ 34. Kh3 Ra1 35. Ne1 Qxf2 36. Ncd3 Qxd4 37. Rd7 Qe4 38. Qxd5 Rxe1 39. Qb5 Rh1+ 0-1

[Event "Criciuma op-A"]
[Site "Criciuma"]
[Date "2024.01.13"]
[Round "3"]
[White "Matsuura, Everaldo"]
[Black "Librelato, Kathie Goulart"]
[Result "1-0"]
[WhiteElo "2410"]
[BlackElo "2170"]
[PlyCount "65"]
[EventDate "2024.01.12"]
[EventType "swiss"]
[EventRounds "9"]
[EventCountry "BRA"]
[SourceTitle "CB04_2024"]
[SourceDate "2023.10.16"]
[SourceVersion "1"]
[SourceVersionDate "2023.10.16"]
[SourceQuality "1"]

1. Nf3 d5 2. c4 e6 3. g3 Nf6 4. b3 d4 5. Bg2 c5 6. e3 Nc6 7. exd4 cxd4 8. 0-0 Be7 9. Re1 Nd7 10. d3 0-0 11. Bb2 e5 12. Na3 Qc7 13. Nc2 a5 14. Na3 Nc5 15. Nb5 Qb8 16. Ba3 Bg4 17. Qd2 Re8 18. Ng5 Nb4 19. Bxb4 axb4 20. Bd5 Bh5 21. Ne4 Nd7 22. c5 Nxc5 23. Nxc5 Bxc5 24. Rac1 Rc8 25. Qg5 Bg6 26. Qxe5 Bxd3 27. Bxf7+ Kxf7 28. Qd5+ Kf8 29. Rxc5 Rxc5 30. Qxc5+ Kg8 31. Nc7 Bg6 32. Nxa8 Qxa8 33. Qxd4 1-0

[Event "BRA-ch (Women) 62nd"]
[Site "Timbo"]
[Date "2023.10.30"]
[Round "3"]
[White "De Freitas, Isabella Ribeiro Co"]
[Black "Librelato, Kathie Goulart"]
[Result "1/2-1/2"]
[WhiteElo "1867"]
[BlackElo "2188"]
[PlyCount "94"]
[EventDate "2023.10.29"]
[EventType "swiss"]
[EventRounds "9"]
[EventCountry "BRA"]
[SourceTitle "Mega2024 Update 01"]
[Source "Chessbase"]
[SourceDate "2023.11.12"]
[SourceVersion "1"]
[SourceVersionDate "2023.11.12"]
[SourceQuality "1"]

1. c4 e6 2. Nf3 d5 3. g3 Nf6 4. Bg2 dxc4 5. Qa4+ Bd7 6. Qxc4 c5 7. Ne5 Qc8 8. 0-0 Nc6 9. Nxd7 Qxd7 10. Nc3 Be7 11. Bxc6 Qxc6 12. Qb5 Qxb5 13. Nxb5 Kd7 14. Rd1 Kc6 15. Nc3 Rhd8 16. b3 Rd7 17. Bb2 b6 18. Rac1 Kb7 19. a4 a6 20. Rc2 h5 21. h3 Ne8 22. a5 b5 23. Ne4 Rc8 24. Rdc1 f5 25. Nxc5+ Rxc5 26. Rxc5 Bxc5 27. Rxc5 Rxd2 28. Be5 Rxe2 29. Kg2 Rd2 30. b4 g6 31. Kf3 g5 32. Ke3 Rd7 33. h4 gxh4 34. gxh4 Nd6 35. Bxd6 Rxd6 36. f3 Rd1 37. Kf4 Rd4+ 38. Kg5 Rxb4 39. Kxh5 Rb1 40. Kg6 b4 41. Re5 Rc1 42. Rxe6 Rc6 43. Rxc6 Kxc6 44. h5 b3 45. h6 b2 46. h7 b1Q 47. h8Q f4+ 1/2-1/2

[Event "Gaudium Masters-A"]
[Site "Chess.com INT"]
[Date "2023.06.29"]
[Round "10"]
[White "Filgueiras, Nathan Felipe"]
[Black "Librelato, Kathie Goulart"]
[Result "0-1"]
[WhiteElo "2323"]
[BlackElo "2182"]
[PlyCount "90"]
[EventDate "2023.06.29"]
[EventType "tourn (blitz)"]
[EventRounds "10"]
[EventCountry "BRA"]
[EventCategory "8"]
[SourceTitle "CBM 215 Extra"]
[Source "ChessBase"]
[SourceDate "2023.09.30"]
[SourceVersion "1"]
[SourceVersionDate "2023.09.30"]
[SourceQuality "1"]

1. e4 e5 2. Nf3 Nc6 3. Nc3 Nf6 4. a3 d5 5. exd5 Nxd5 6. Nxe5 Qe7 7. Nxd5 Qxe5+ 8. Qe2 Qxe2+ 9. Bxe2 Bd6 10. 0-0 0-0 11. c3 Re8 12. Ne3 a5 13. d4 a4 14. Bb5 Ra5 15. c4 Rd8 16. Bd2 Ra8 17. Bc3 Be7 18. Rad1 Na5 19. c5 c6 20. Be2 Be6 21. Bf3 Bf6 22. d5 Bxc3 23. bxc3 cxd5 24. Nxd5 Nc4 25. Nb6 Rab8 26. Nxc4 Bxc4 27. Rfe1 Rxd1 28. Rxd1 g6 29. g3 Rc8 30. Bxb7 Rxc5 31. Bf3 Bb3 32. Rc1 Rc8 33. Be2 Rd8 34. c4 Rd2 35. Kf1 Ra2 36. c5 Rxa3 37. c6 Be6 38. Ba6 Rb3 39. c7 a3 40. c8Q+ Bxc8 41. Rxc8+ Kg7 42. Rc1 a2 43. Bd3 Rxd3 44. Ra1 Rd2 45. Ke1 Rb2 0-1

[Event "Gaudium Masters-A"]
[Site "Chess.com INT"]
[Date "2023.06.29"]
[Round "3"]
[White "Mekhitarian, Krikor Sevag"]
[Black "Librelato, Kathie Goulart"]
[Result "1-0"]
[WhiteElo "2537"]
[BlackElo "2182"]
[PlyCount "105"]
[EventDate "2023.06.29"]
[EventType "tourn (blitz)"]
[EventRounds "10"]
[EventCountry "BRA"]
[EventCategory "8"]
[SourceTitle "CBM 215 Extra"]
[Source "ChessBase"]
[SourceDate "2023.09.30"]
[SourceVersion "1"]
[SourceVersionDate "2023.09.30"]
[SourceQuality "1"]

1. Nf3 Nf6 2. c4 e6 3. e3 d5 4. b3 Nbd7 5. Bb2 b6 6. cxd5 exd5 7. Nc3 Bb7 8. d4 Bd6 9. Bd3 0-0 10. 0-0 a6 11. Rc1 Ne4 12. Qc2 f5 13. Ne2 Ndf6 14. Ne5 Qe8 15. f3 Ng5 16. Bxf5 Qh5 17. Nf4 Qh6 18. b4 Rae8 19. Qb3 Kh8 20. a4 Ng8 21. Bb1 Ne7 22. b5 axb5 23. axb5 Nf5 24. Qd3 g6 25. Ba2 Nf7 26. Ng4 Qg7 27. Nxd5 Bxd5 28. Bxd5 h5 29. Ne5 Nxe5 30. dxe5 Bxe5 31. Bxe5 Qxe5 32. Be4 Kg7 33. Qc3 Qxc3 34. Rxc3 Re7 35. Rfc1 Rff7 36. Bd5 Rf8 37. Rxc7 Rfe8 38. e4 Nd4 39. Rxe7+ Rxe7 40. Rd1 Nxb5 41. Rb1 Nc3 42. Rxb6 Ra7 43. Rb7+ Rxb7 44. Bxb7 Kf6 45. Kf2 Ke5 46. Ke3 g5 47. g3 Na4 48. f4+ gxf4+ 49. gxf4+ Kf6 50. e5+ Ke7 51. Bd5 Nc5 52. Kd4 Nd7 53. f5 1-0

[Event "Caioba op 7th"]
[Site "Caioba"]
[Date "2023.06.23"]
[Round "7"]
[White "Perdomo, Leandro Daniel"]
[Black "Librelato, Kathie Goulart"]
[Result "1-0"]
[WhiteElo "2389"]
[BlackElo "2182"]
[PlyCount "95"]
[EventDate "2023.06.18"]
[EventType "swiss"]
[EventRounds "9"]
[EventCountry "BRA"]
[SourceTitle "CBM 214 Extra"]
[Source "ChessBase"]
[SourceDate "2023.07.31"]
[SourceVersion "1"]
[SourceVersionDate "2023.07.31"]
[SourceQuality "1"]

1. d4 d5 2. c4 e6 3. Nc3 c6 4. Nf3 dxc4 5. a4 Bb4 6. e3 b5 7. Bd2 a5 8. axb5 Bxc3 9. Bxc3 cxb5 10. b3 Bb7 11. bxc4 b4 12. Bb2 Nf6 13. c5 0-0 14. Bb5 Qc7 15. 0-0 Nc6 16. Qe2 Ne7 17. Ne5 Bd5 18. f3 Bb3 19. Ba4 Bxa4 20. Rxa4 Nd7 21. Nc4 Nc6 22. f4 Rfd8 23. f5 e5 24. Nd6 exd4 25. exd4 Nf6 26. Qf3 Ne7 27. Rfa1 Nfd5 28. f6 Nxf6 29. Rxb4 axb4 30. Rxa8 Ned5 31. Ne8 Qe7 32. Nxf6+ Nxf6 33. Rxd8+ Qxd8 34. Qb7 Nd5 35. h3 h6 36. c6 h5 37. Qd7 Qa5 38. Qc8+ Kh7 39. Qf5+ Kg8 40. c7 Qxc7 41. Qxd5 Qc2 42. Qa2 h4 43. Qa1 Qd2 44. Qc1 Qd3 45. Qf1 Qd2 46. Qf2 Qd1+ 47. Kh2 Qb1 48. d5 1-0

[Event "Criciuma op"]
[Site "Criciuma"]
[Date "2023.01.14"]
[Round "2"]
[White "Juliano, Joao Carlos Mazzini"]
[Black "Librelato, Kathie Goulart"]
[Result "0-1"]
[WhiteElo "1847"]
[BlackElo "2171"]
[PlyCount "106"]
[EventDate "2023.01.13"]
[EventType "swiss"]
[EventRounds "9"]
[EventCountry "BRA"]
[SourceTitle "CBM 212 Extra"]
[Source "ChessBase"]
[SourceDate "2023.03.31"]
[SourceVersion "1"]
[SourceVersionDate "2023.03.31"]
[SourceQuality "1"]

1. d4 d5 2. Bf4 c5 3. c3 Nc6 4. e3 Nf6 5. Nd2 Bf5 6. Ngf3 Qb6 7. Qb3 c4 8. Qxb6 axb6 9. Be2 b5 10. 0-0 b4 11. cxb4 Nxb4 12. a3 Nd3 13. Bxd3 Bxd3 14. Rfe1 e6 15. Ne5 Bf5 16. f3 Be7 17. Rac1 h5 18. Bg5 Ra6 19. e4 Bh7 20. exd5 exd5 21. Re2 Re6 22. Rce1 Ng8 23. Bxe7 Nxe7 24. f4 f6 25. Nef3 Rxe2 26. Rxe2 Kd7 27. Kf2 Rc8 28. Re3 Bd3 29. Ne1 Bg6 30. Ndf3 Be4 31. Ke2 Nf5 32. Rc3 Nd6 33. Kd2 Re8 34. Re3 Rc8 35. Rc3 Rc6 36. Kc1 Nb5 37. Re3 c3 38. bxc3 Nxc3 39. Kd2 Nb1+ 40. Kd1 Rc3 41. Rxc3 Nxc3+ 42. Kd2 Nb1+ 43. Kc1 Nxa3 44. Kb2 Nc4+ 45. Kc3 Ne3 46. g3 Nf1 47. Kb4 Kc6 48. Kc3 Kb5 49. Kb3 b6 50. Kb2 Kc4 51. Kc1 Kc3 52. Kd1 Ne3+ 53. Ke2 Nf5 0-1

[Event "BRA-ch (Women) 61st"]
[Site "Recife"]
[Date "2022.12.18"]
[Round "4"]
[White "Terao, Juliana Sayumi"]
[Black "Librelato, Kathie Goulart"]
[Result "1-0"]
[WhiteElo "2240"]
[BlackElo "2194"]
[PlyCount "138"]
[EventDate "2022.12.15"]
[EventType "swiss"]
[EventRounds "9"]
[EventCountry "BRA"]
[SourceTitle "EXT 2024"]
[Source "ChessBase"]
[SourceDate "2023.10.10"]
[SourceVersion "1"]
[SourceVersionDate "2023.10.10"]
[SourceQuality "1"]

1. e4 e5 2. Nf3 Nc6 3. Bc4 Nf6 4. d3 Bc5 5. 0-0 h6 6. a4 d6 7. c3 a5 8. Re1 0-0 9. h3 Re8 10. Nbd2 Ba7 11. Nf1 Ne7 12. Bb3 Ng6 13. Ng3 c6 14. d4 Qc7 15. c4 exd4 16. Nxd4 Bd7 17. Re2 Rad8 18. Bc2 Ne5 19. Ndf5 Bxf5 20. Nxf5 Nxc4 21. b3 Ne5 22. Bb2 d5 23. exd5 Nxd5 24. Qe1 f6 25. Kh1 Bb8 26. Rd1 Kf7 27. Be4 Nb4 28. g3 Rxd1 29. Qxd1 Rd8 30. Rd2 Rxd2 31. Qxd2 Qd7 32. Qe2 Nbd3 33. Bd4 g6 34. Bxd3 Nxd3 35. Nxh6+ Kg7 36. Ng4 Qd5+ 37. Kh2 Ne5 38. Bxe5 Bxe5 39. Qe3 Kg8 40. Qb6 f5 41. Nxe5 Qxe5 42. Qxb7 Qc5 43. Qb8+ Kh7 44. Qf4 Qd5 45. Qe3 Kg7 46. h4 Kh7 47. Qe7+ Kg8 48. Qf6 Kh7 49. Qc3 f4 50. gxf4 Qe4 51. Qe3 Qd5 52. Qe7+ Kg8 53. Qg5 Qxb3 54. Qxg6+ Kf8 55. Qxc6 Qa2 56. Kg3 Qg8+ 57. Kf3 Qb3+ 58. Kg4 Qd1+ 59. Kg5 Qg1+ 60. Kf6 Qg7+ 61. Kf5 Qh7+ 62. Ke5 Qe7+ 63. Qe6 Qc5+ 64. Kf6 Qd4+ 65. Kg6 Qg7+ 66. Kf5 Qh7+ 67. Ke5 Qa7 68. f5 Qc5+ 69. Kf6 Qd4+ 1-0

[Event "Rio de Janeiro Duchamp op 4th"]
[Site "Rio de Janeiro"]
[Date "2022.12.10"]
[Round "4"]
[White "Librelato, Kathie Goulart"]
[Black "Bezerra, Natacio Goncalves"]
[Result "1-0"]
[WhiteElo "2194"]
[BlackElo "1988"]
[PlyCount "75"]
[EventDate "2022.12.07"]
[EventType "swiss"]
[EventRounds "9"]
[EventCountry "BRA"]
[SourceTitle "CBM 211 Extra"]
[Source "ChessBase"]
[SourceDate "2023.01.31"]
[SourceVersion "1"]
[SourceVersionDate "2023.01.31"]
[SourceQuality "1"]

1. e4 c6 2. Nc3 d5 3. Nf3 Bg4 4. h3 Bxf3 5. Qxf3 Nf6 6. Be2 e6 7. 0-0 Nbd7 8. d4 dxe4 9. Nxe4 Nxe4 10. Qxe4 Nf6 11. Qd3 Be7 12. Rd1 0-0 13. c3 a5 14. Rb1 Qc7 15. Qf3 Rad8 16. Bf4 Qd7 17. c4 Qc8 18. a3 Rd7 19. b4 axb4 20. axb4 Rfd8 21. Be5 Ne8 22. Qg4 Bf6 23. f4 Bxe5 24. fxe5 g6 25. Qe4 Qc7 26. b5 cxb5 27. Rxb5 Qb8 28. Bf3 Qc8 29. d5 Rc7 30. d6 Rxc4 31. Qxb7 Rc1 32. Qxc8 Rdxc8 33. Rxc1 Rxc1+ 34. Kf2 Rc8 35. Ra5 Kg7 36. Ra8 Nxd6 37. exd6 Rc2+ 38. Ke3 1-0

[Event "Sao Paulo Osasco"]
[Site "Sao Paulo"]
[Date "2022.11.09"]
[Round "5"]
[White "Abramor, Franco"]
[Black "Librelato, Kathie Goulart"]
[Result "1-0"]
[WhiteElo "2207"]
[BlackElo "2180"]
[PlyCount "83"]
[EventDate "2022.11.06"]
[EventType "tourn"]
[EventRounds "9"]
[EventCountry "BRA"]
[EventCategory "1"]
[SourceTitle "CBM 211 Extra"]
[Source "ChessBase"]
[SourceDate "2023.01.31"]
[SourceVersion "1"]
[SourceVersionDate "2023.01.31"]
[SourceQuality "1"]

1. d4 Nf6 2. Nc3 d5 3. Bf4 Bf5 4. e3 e6 5. f3 Be7 6. g4 Bg6 7. h4 h5 8. g5 Nfd7 9. Nge2 a6 10. Bg3 Bf5 11. Nf4 c5 12. Bd3 Bxd3 13. Qxd3 Nf8 14. 0-0-0 Nc6 15. dxc5 Ne5 16. Qe2 Nfd7 17. Nfxd5 Qa5 18. Nxe7 Kxe7 19. Qd2 Qxc5 20. f4 Rhd8 21. fxe5 Nxe5 22. Qe2 Nc4 23. Rd3 Qb4 24. Nd1 Rxd3 25. cxd3 Na3 26. Be1 Qd6 27. Rh2 Rc8+ 28. Nc3 Nb5 29. Kb1 Qc7 30. Qd2 Nd6 31. Bg3 Qc6 32. Qg2 Qb6 33. Bxd6+ Qxd6 34. d4 b5 35. Qd2 Qg3 36. Rh1 Qf3 37. Rd1 Rc4 38. d5 e5 39. d6+ Kd7 40. Qd5 Qxd5 41. Nxd5 Rxh4 42. Nb6+ 1-0

[Event "Sao Paulo Osasco"]
[Site "Sao Paulo"]
[Date "2022.11.07"]
[Round "3"]
[White "Quintiliano Pinto, Renato Rodrigues"]
[Black "Librelato, Kathie Goulart"]
[Result "1-0"]
[WhiteElo "2509"]
[BlackElo "2180"]
[PlyCount "64"]
[EventDate "2022.11.06"]
[EventType "tourn"]
[EventRounds "9"]
[EventCountry "BRA"]
[EventCategory "1"]
[SourceTitle "CBM 211 Extra"]
[Source "ChessBase"]
[SourceDate "2023.01.31"]
[SourceVersion "1"]
[SourceVersionDate "2023.01.31"]
[SourceQuality "1"]

1. d4 d5 2. c4 e6 3. Nf3 c6 4. e3 Nf6 5. Bd3 dxc4 6. Bxc4 b5 7. Bd3 Bd6 8. 0-0 Nbd7 9. a4 b4 10. Nbd2 0-0 11. e4 e5 12. Nc4 Bc7 13. dxe5 Ng4 14. Bg5 f6 15. exf6 gxf6 16. Bd2 a5 17. h3 Nc5 18. Be2 Ne5 19. Ncxe5 fxe5 20. Qc2 Ne6 21. Qxc6 Rb8 22. Be3 Kh8 23. Rac1 Bd7 24. Qd5 Qe8 25. Nxe5 Bxa4 26. Rxc7 Nxc7 27. Qd4 Kg8 28. Ng4 h5 29. Nf6+ Rxf6 30. Qxf6 Ne6 31. Bc4 Bd7 32. Bd4 Ra8 1-0